ბათუმის შოთა რუსთაველის სახელმწიფო უნივერსიტეტის ბიბლიოთეკა

Essentials of Medical Physiology / (ბიბ.ჩანაწერი № 53649)

000 -LEADER
fixed length control field 00914nam a2200277Ia 4500
001 - CONTROL NUMBER
control field 20696
003 - CONTROL NUMBER IDENTIFIER
control field GE_BSU
005 - DATE AND TIME OF LATEST TRANSACTION
control field 20221105220145.0
008 - FIXED-LENGTH DATA ELEMENTS--GENERAL INFORMATION
fixed length control field 181216s2016||||xx |||||||||||||| ||eng||
020 ## - INTERNATIONAL STANDARD BOOK NUMBER
International Standard Book Number 9789385999116 1
040 ## - CATALOGING SOURCE
Transcribing agency GE_BSU
041 ## - LANGUAGE CODE
Language code of text/sound track or separate title eng
080 ## - UNIVERSAL DECIMAL CLASSIFICATION NUMBER
Universal Decimal Classification number 612 S-46
100 ## - MAIN ENTRY--PERSONAL NAME
Personal name Sembulingam, K .
9 (RLIN) 8336
245 ## - TITLE STATEMENT
Title Essentials of Medical Physiology /
Statement of responsibility, etc. K. Sembulingam, Prema Sembulingam.
250 ## - EDITION STATEMENT
Edition statement Seventh edition
264 ## - PRODUCTION, PUBLICATION, DISTRIBUTION, MANUFACTURE, AND COPYRIGHT NOTICE
Place of production, publication, distribution, manufacture New Delhi :
Name of producer, publisher, distributor, manufacturer The Health Sciences Publisher,
Date of production, publication, distribution, manufacture, or copyright notice 2016.
300 ## - PHYSICAL DESCRIPTION
Extent 1111 p. :
Other physical details ill. ;
Dimensions 27cm.
653 ## - INDEX TERM--UNCONTROLLED
keyword Essentials of Medical Physiology
653 ## - INDEX TERM--UNCONTROLLED
keyword Основы медицинской физиологии
653 ## - INDEX TERM--UNCONTROLLED
keyword მედიცინა
653 ## - INDEX TERM--UNCONTROLLED
keyword სამედიცინო ფიზიოლოგიის საფუძვლები
700 ## - ADDED ENTRY--PERSONAL NAME
Personal name Sembulingam, Prema
Dates associated with a name By
9 (RLIN) 10323
942 ## - ADDED ENTRY ELEMENTS (KOHA)
Koha item type წიგნი
Source of classification or shelving scheme
ეგზემპლარები
Withdrawn status Lost status Source of classification or shelving scheme Damaged status Not for loan Permanent Location Current Location Shelving location Date acquired Cost, normal purchase price Full call number Barcode Date last seen Copy number Price effective from Koha item type Public note
          ბათუმის შოთა რუსთაველის სახელმწიფო უნივერსიტეტის მთავარი ბიბლიოთეკა ბათუმის შოთა რუსთაველის სახელმწიფო უნივერსიტეტის მთავარი ბიბლიოთეკა წიგნსაცავი 2018-12-17 159.00 612 S-46 53952 2018-12-17 53952 2018-12-17 წიგნი 159.00 GEL.